000 00435nam a2200181Ia 4500
001 4815
005 20260306145822.0
008 260306t1995||||xx |||||||||||||| ||spa||
041 _aESP
082 _a330.153
_bH15
100 _aHahne Rima, Ingrid
_eAUT
245 0 _aDesarrollo del análisis económico
260 _c1995
300 _axvi, 616 páginas :
_c23 cm.
650 _aGEN
654 _aCAN
942 _cLIB
_dJUS
_fJUS
_2ddc
_n
999 _c4815
_d4815